02669nas a2200373 450000100060000000300090000600500170001500700030003200800410003502200420007604000600011804100080017824500210018626400880020730000660029531000160036133600270037733700340040433800290043836200280046749000250049550001970052050000890071750001620080650000240096852008470099265000760183965001030191565000800201865500380209894200150213695201270215199900170227848990DR-UNIBE20250521154141.0ta210525e2018 dr qn|p|r||||||0| | spa d aRelacionado al título AAA 1028-3072 aBIBLIOTECA UNIBEcBIBBLIOTECA UNIBEbspadDO-SdBNPerda aspa00aAAA Pro_File 08. aSanto Domingo, República Dominicana :bArchivos de Arquitectura Antillana,c2018. avolúmenes :bilustraciones, fotografías, planos ;c29 cm. aTrimestral. atextobtxt2rdacontent asin mediación bn2rdamedia avolumen bnc2rdacarrier aNúmero 8 (mayo 2018). aSerie monográfica. aAAA Pro_File es una edición especial de AAA. La biblioteca dispone también del título: Archivos de arquitectura antillana (AAA), editado desde el año 1996. [Número de registro14602]. aAAA Pro_File 08: Pedro J. Borrell Bentz, arquitectos (año de publicación: 2018). aAAA: agradece de manera especial la enorme colaboración de todo el equipo de Arquitectura del Sol en el desarrollo y documentación de este Pro_File 08.  aEdición especial. aDurante el transcurso de esta edición de Pro_File hemos profundizado detalladamente en la obra de Pedro José Borrell y en la historia detrás de cada obra. Esta historia, resumida apretadamente en apenas 300 y tantas páginas, es una mirada en la búsqueda de un hombre nacido en Puerto Plata, pero criado en Santiago, educado en contacto estrecho con el arte y practicante de varias disciplinas creativas: el dibujo, la pintura, la fotografía y —como actividad totalizadora de todo ese aprendizaje— finalmente, la arquitectura. Es en la arquitectura que Borrell ha alcanzado una dimensión trascendente caracterizada por una serie de importantes obras que por derecho propio tienen su lugar en el corpus construido de la República Dominicana en los siglos XX y XXI. En ese universo se ha centrado el discurso de este volumen. 7aArquitectura92734vPublicaciones periódicas zRepública Dominicana 7aArquitecturaxDiseños y planos9431222lembvPublicaciones periódicas zRepública Dominicana 7aUrbanismo9264742lembvPublicaciones periódicas zRepública Dominicana 0aPublicaciones periódicas987420 2ddccISSUE 00102ddc4056708SEaBNPHUbBNPHUd2025-05-21hNúmero 8 (mayo 2018)l0p2025-4509r2025-05-21te.1w2025-05-21yISSUE c59078d59078